000 00403 a2200121 4500
001 ART_58735
005 20260410161636.0
008 260409a
245 1 0 _aAnálisis conceptual para la determinación de costos en el Sector Público Nacional No Financiero
100 1 _aPeralta, Jorge Alberto
700 1 _aSardi, Jorge Carlos
773 0 _tEnfoques
_g- N° 6 (jun. 2023)
_wREV416
999 _c12869
_d12869